Štrukturálne zmeny v cestovnom ruchu na Slovensku

Cestovný ruch vzhľadom na geografické a prírodné podmienky Slovenska má dobré predpoklady zaujať v ekonomike strategické postavenie. Vývoj cestovného ruchu na Slovensku. Transformačný proces v cestovnom ruchu. Devízové príjmy Slovenska z aktívneho cestovného ruchu. Skvalitnenie služieb poskytovaných...

Ausführliche Beschreibung

Gespeichert in:
Bibliographische Detailangaben
1. Verfasser: Mišúnová, Ema
Format: Buchkapitel
Sprache:Slowakisch
Schlagworte:
Tags: Tag hinzufügen
Keine Tags, Fügen Sie das erste Tag hinzu!

MARC

LEADER 00000naa a2200000 4500
001 r017414
005 20221205090308.0
041 0 |a slo 
044 |a SK 
245 1 0 |a Štrukturálne zmeny v cestovnom ruchu na Slovensku  |c Ema Mišúnová 
520 |a Cestovný ruch vzhľadom na geografické a prírodné podmienky Slovenska má dobré predpoklady zaujať v ekonomike strategické postavenie. Vývoj cestovného ruchu na Slovensku. Transformačný proces v cestovnom ruchu. Devízové príjmy Slovenska z aktívneho cestovného ruchu. Skvalitnenie služieb poskytovaných v cestovnom ruchu. 
610 2 0 |a ruch cestovný 
610 2 0 |a Slovensko 
610 2 0 |a transformácia 
610 2 0 |a služby 
610 2 0 |a podmienky prírodné 
610 2 0 |a geografia 
100 1 |a Mišúnová, Ema